000 00704cam a2200217 4500
001 000019169
005 20200929165934.0
008 730416s1973 xx a 000 0beng
020 _a0674587308
040 _aDO-SdBNP
_bspa
_cBNPHU
050 0 0 _aDS881.5.M6
_bH34 1973
100 1 _aHall, Ivan Parker.
_941264
245 1 0 _aMori Arinori.
260 _aCambridge, Mass., :
_bHarvard University Press,
_c1973.
300 _ax, 535 p. ;
_c25 cm.
440 0 _aHarvard East Asian series,
_v68
_941265
500 _aA revision of the author's thesis, Harvard, 1969.
504 _aBibliography: p. [494]-508.
600 1 0 _aMori, Arinori,
_d1847-1889.
_941266
830 0 _aHarvard East Asian s10eries,
_941267
999 _c18687
_d18687